Odhady míry nezaměstnanosti neakcelerující inflaci v České republice a na Slovensku
Modelové prístupy k meraniu NAIRU (Non-acceleration inflation rate of unemployment). Aplikácia na podmienky Českej a Slovenskej republiky. Porovnanie vývoja NAIRU vo vybraných krajinách V4.
Gespeichert in:
| 1. Verfasser: | |
|---|---|
| Format: | Buchkapitel |
| Sprache: | Tschechisch |
| Schlagworte: | |
| Tags: |
Keine Tags, Fügen Sie das erste Tag hinzu!
|
MARC
| LEADER | 00000naa a2200000 4500 | ||
|---|---|---|---|
| 001 | 0130391 | ||
| 005 | 20231208072009.1 | ||
| 041 | 0 | |a cze | |
| 044 | |a SK | ||
| 245 | 1 | 0 | |a Odhady míry nezaměstnanosti neakcelerující inflaci v České republice a na Slovensku |c Emilie Jašová |
| 520 | |a Modelové prístupy k meraniu NAIRU (Non-acceleration inflation rate of unemployment). Aplikácia na podmienky Českej a Slovenskej republiky. Porovnanie vývoja NAIRU vo vybraných krajinách V4. | ||
| 610 | 2 | 0 | |a Česko |
| 610 | 2 | 0 | |a Slovensko |
| 610 | 2 | 0 | |a Vyšehradská štvorka |
| 610 | 2 | 0 | |a inflácia |
| 610 | 2 | 0 | |a porovnanie medzinárodné |
| 610 | 2 | 0 | |a nezamestnanosť |
| 100 | 1 | |a Jašová, Emilie | |